00470cam a22001217a 4500008004000000082001600040100002600056245009300082260003200175300000600207500010800213650002700321180718b1956 xxu||||| |||| 00| 0 eng d aR D6 P328/1 aPeaslee, Amos Jenkins aInternational government organizations constitutional documentscby Amos Jenkins Peaslee aThe HaguebM. Nijhoffc1956 av aContents;v.1. African Postal Union to Intergovernmental Maritime Consultative Organization, xxiii, 719p aInternational agencies